Applied digital optics (Record no. 45824)
[ view plain ]
| 000 -LEADER | |
|---|---|
| fixed length control field | 01356nam a2200349Ia 4500 |
| 082 04 - DEWEY DECIMAL CLASSIFICATION NUMBER | |
| Classification number | 621.36 |
| 100 1# - MAIN ENTRY--AUTHOR NAME | |
| Personal name | Kress, B. |
| 245 10 - TITLE STATEMENT | |
| Title | Applied digital optics |
| 260 ## - PUBLICATION, DISTRIBUTION, ETC. (IMPRINT) | |
| Place of publication | Chichester, West Sussex, U.K. ; |
| -- | Hoboken, N.J. : |
| Name of publisher | Wiley, |
| Year of publication | 2009. |
| 300 ## - PHYSICAL DESCRIPTION | |
| Number of Pages | xx, 617 p. : |
| Other physical details | ill. |
| 650 #0 - SUBJECT ADDED ENTRY--TOPICAL TERM | |
| Topical Term | Optical MEMS. |
| Topical Term | Nanophotonics. |
| Topical Term | Integrated optics. |
| Topical Term | Signal processing |
| Topical Term | Diffraction gratings. |
| 700 1# - ADDED ENTRY--PERSONAL NAME | |
| Personal name | Meyrueis, Patrick. |
| 856 40 - ELECTRONIC LOCATION AND ACCESS | |
| Uniform Resource Identifier | http://site.ebrary.com/lib/rucke/Doc?id=10351183 |
No items available.
